000 00687 am a2200205 4500
001 174181
003 ES-MaACL
005 20230906215446.0
008 100301s2009 sp a | |||||||| | spa d
040 _aSpMaBN
080 _a7(460)
080 _a502.4(460)
245 0 0 _aPatrimonio mundial de España.
246 1 4 _aEspaña, patrimonio mundial
260 _a[Madrid] :
_bMinisterio de Cultura, S.G. de Publicaciones, Información y Documentación ;
_a[Valencia] :
_bPressgroup Holdings Europe,
_cD.L. 2009.
300 _a127 p. :
_bil. col. ;
_c27 cm.
650 _aMonumentos-
_zEspaña.
_915179
650 0 4 _aParques nacionales-
_zEspaña.
_915847
852 _aES-MaACL
_jC-23551
999 _c174181
_d174181